banner-ar

EGYPTIAN ART STUDIES / (Record no. 19448)

MARC details
000 -الفاتح
حقل البيانات ثابتة الطول 00471nam a2200193Ia 4500
008 - عناصر البيانات ثابتة الطول - معلومات عامة
حقل البيانات ثابتة الطول 140319s9999 xx 000 0 eng d
040 ## - مصدر الفهرسة
وكالة الفهرسة الأصلية GCL /
وكالة النسخ GCL
082 04 - رقم تصنيف ديوى العشرى
رقم التصنيف 709.012
رقم المادة M E
100 1# - المدخل الرئيسى - إسم شخصى
الإسم الشخصى LEE, ELIZABETH
245 10 - بيان العنوان
العنوان EGYPTIAN ART STUDIES /
بيان المسئوليه,etc LEE, ELIZABETH
700 1# - المدخل الاضافى - اسم شخصى
الإسم الشخصى MASPERO, GASTOM
260 ## - PUBLICATION, DISTRIBUTION, ETC. (IMPRINT)
تاريخ النشر أو التوزيع 1913
300 ## - الوصف المادى
التعداد 223 P
650 04 - المدخل الاضافى بالموضوع-مصطلح موضوعى
مصطلح موضوعي EGYPT
650 04 - المدخل الاضافى بالموضوع-مصطلح موضوعى
مصطلح موضوعي ARTS
650 04 - المدخل الاضافى بالموضوع-مصطلح موضوعى
مصطلح موضوعي ART, EGYPTIAN
942 ## - عناصر المدخل الإضافي( كوها)
مصدر التصنيف او مخطط الترفيف Dewey Decimal Classification
Koha [default] item type كتاب
260 ## - PUBLICATION, DISTRIBUTION, ETC. (IMPRINT)
-- [S.N] :
-- T. FISHER UNURN ،
Holdings
حالة التراجع حالة الفقد حالة تلف ليس للاعارة المكان المؤقت الموقع الحالى تاريخ الاكتساب اجمالي اﻻعارات رقم الطلب الباركود تاريخ اخر مشاهدة تاريخ تفعيل السعر نوع وعاء كوها
        مكتبة القاهرة الكبرى مكتبة القاهرة الكبرى 03/26/2014   709.012\M E 37067 03/26/2014 03/26/2014 كتاب

Powered By

EGPV